| 000 | 00393 a2200169 4500 | ||
|---|---|---|---|
| 001 | 189227 | ||
| 020 | _a978-85-16-07005-2 | ||
| 040 | _cMagnum | ||
| 100 | _aBlakley-Cartwright, Sarah | ||
| 240 | 1 | 0 |
_aA garota da capa vermelha _lpor |
| 245 | 1 | 0 | _aA garota da capa vermelha |
| 300 | _a339 | ||
| 362 | 0 | _a2011 | |
| 440 | 1 | _aModerna | |
| 697 | _aLITERATURA GERAL ESTRANGEIRA | ||
| 942 | _cBK | ||
| 999 |
_c189227 _d189227 |
||